02183nam a2200277Ia 4500952009600000952010800096999001700204008004100221020001500262050002100277100003800298240004200336245010100378260003200479300003600511500004800547500002300595500002700618505105600645519004401701519004301745650003301788650003001821700004701851942000701898 00104070a04b04d2008-06-25l0oHF1009.5 S3518p04 001278r2014-03-08t1w2012-06-24yLB 00104070a04b04d2008-06-25l2oHF1009.5 S3518p04 001279r2024-01-27s2024-01-17t2w2012-06-24yLB c62054d62054120625s2002 mx r 001 0 spa d a9702402328 4aHF1009.5 bS35181 aSandhusen, Richard L. e , autor 10aInternational Marketing. lEspañol 10aMercadotecnia internacional c / Richard L. Sandhusen ; traducción Ma. Elena Rosas Sánchez  aMéxicob : CECSAc , 2002 axxi, 545 páginas c ; 23 cm.  aTítulo original: International Marketing  a1a. edición 2002 a1a. reimpresión 20030 aEl mercado internacional: fuerzas y estrategias Planeación de la mercadotecnia internacional Sistemas de la mercadotecnia interncaional Investigación de mercadotecnia internacional 1: exploración de las oportunidades globales Obtención de recomendaciones confiables para los decisores Influencias políticas y legales en los mercados internacionales Influencias económicas en los mercados internacionales Influencias culturales en los mercados internacionales Perspectivas y oportunidades en los mercados internacionales Mercados internacionales institucionales y de consumidores Estrategias de segmentación, de selección del mercado meta y de posicionamiento en el ámbito internacional Medición del mercado internacional y del potencial de ventas Planeación de productos internacionales Estrategias de crecimiento del producto/mercado Estrategias de diseño y desarrollo del producto Precios en los mercados internacionales Establecimiento de objetivos y políticas Planeación de la promoción internacional  aMaterial Complementario / d(04 001278) aMaterial Complementario / d(04 001279 4aMERCADOTECNIA INTERNACIONAL  4aMERCADO DE EXPORTACIÓN 1 aRosas Sánchez, Ma. Elena e , traductor  cLB